Memoria de la Junta Directiva en 31 de Julio de 1878 : año 37mo. / Sociedad de Beneficencia de Naturales de Cataluña año 37mo. / Sociedad de Beneficencia de Naturales de Cataluña
Descripción Física:
22 p., 3 f., 1 f. plegat ; 24 cm
Materias:
Beneficència -- Cuba
MARC
| LEADER | 00000nam a2200000Ia 4500 | ||
|---|---|---|---|
| 001 | 23231 | ||
| 008 | 160829s1878 xx 000 0 cat d | ||
| 080 | |a RF-16-53 | ||
| 100 | |a Sociedad de Beneficencia de Naturales de Cataluña (Habana) |9 48039 | ||
| 245 | |a Memoria de la Junta Directiva en 31 de Julio de 1878 : |b año 37mo. / Sociedad de Beneficencia de Naturales de Cataluña | ||
| 260 | |a Habana : |b Tipografía El Iris, |c 1878 | ||
| 300 | |a 22 p., 3 f., 1 f. plegat ; |c 24 cm | ||
| 590 | |a Prové de 1129, exp. 8 | ||
| 650 | |a Beneficència |x Cuba |9 48040 | ||
| 856 | 4 | |u https://media.diba.cat/diba/fitxers/arxiu/fulletons/bib_23231_1878_baixa.pdf |y Accés lliure | |
| 856 | 4 | |u https://media.diba.cat/diba/fitxers/arxiu/fulletons/bib_23231_1878_baixa.pdf |y Accés lliure | |
| 901 | |a Arxiu | ||
| 942 | |n 1 |2 udc | ||
| 952 | |0 0 |1 0 |4 0 |6 RF1653 |7 1 |9 54285 |a Arxiu |b Arxiu |d 2016-12-01 |l 0 |o RF-16-53 |p 23231 |r 2016-12-01 00:00:00 |w 2016-12-01 |y ARXIU | ||
| 999 | |c 58154 |d 58154 | ||
| 900 | |a bib_23231_1878_baixa.pdf | ||